| 000 | 01082nam a22002657a 4500 | ||
|---|---|---|---|
| 005 | 20170124103040.0 | ||
| 010 | _aA-478445 | ||
| 020 | _c50.00 | ||
| 035 | _aA-478445 | ||
| 037 | _bCen Lib/Ret | ||
| 040 |
_aDPL _bHN |
||
| 082 |
_aउ _bपाराश |
||
| 100 |
_aपाराशर , अश्वनी _966850 |
||
| 245 |
_aमहामात्य चाणक्य / _cअश्वनी पाराशर |
||
| 246 |
_aMahamatya Chanakya _b by Ashvani Parashar |
||
| 260 |
_aदिल्ली _bअनिल प्रकाशन _c1990 |
||
| 270 |
_a2619-20, न्यू मार्किट नई सड़क _bदिल्ली _e110006 |
||
| 300 |
_a160पृष्ठ. _c17सेमी(सजिल्द) |
||
| 650 |
_aहिंदी साहित्य _966851 |
||
| 650 |
_aहिंदी उपन्यास - ऐतिहासिक _942761 |
||
| 650 |
_aHindi literature _966852 |
||
| 650 |
_ahindi novel - Historical _966853 |
||
| 700 |
_aविलिनाथान _966854 |
||
| 942 |
_2ddc _cHN _hउ _mपाराश |
||
| 999 |
_c116500 _d116500 |
||